Horror and Comics (Record no. 1715150)

MARC details
000 -LEADER
fixed length control field 00298 a2200121 4500
000 - LEADER
fixed length control field nam a22 7a 4500
005 - DATE AND TIME OF LATEST TRANSACTION
control field 20260312093210.0
020 ## - INTERNATIONAL STANDARD BOOK NUMBER
International Standard Book Number 9781837722556
100 ## - MAIN ENTRY--PERSONAL NAME
Personal name Barbara Chamberlin
9 (RLIN) 1131713
245 ## - TITLE STATEMENT
Title Horror and Comics
260 ## - PUBLICATION, DISTRIBUTION, ETC.
Name of publisher, distributor, etc. University of Chicago
Date of publication, distribution, etc. 2025
942 ## - ADDED ENTRY ELEMENTS (KOHA)
Koha item type Textual
Holdings
Withdrawn status Lost status Source of classification or shelving scheme Damaged status Not for loan Home library Current library Date acquired Source of acquisition Inventory number Total Checkouts Date last seen Price effective from Koha item type
    Colon Classification (CC)   Ordered South Campus Library South Campus Library 2026-03-12 Excel Book International 155 & 29/01/2026   2026-03-12 2026-03-12 Textual
Copyright @ Delhi University Library System